| 000 | 00832cam a2200241 a 4500 | ||
|---|---|---|---|
| 001 | 000014012 | ||
| 005 | 20200929163434.0 | ||
| 008 | 990823s1999 cu b 000 0 spa d | ||
| 020 | _a9590603955 | ||
| 035 | _a(OCoLC)ocm42624575 | ||
| 040 |
_aDO-SdBNP _cIRU _dDLC |
||
| 082 |
_a324.217 _bH289h |
||
| 100 | 1 |
_aHarnecker, Marta. _912290 |
|
| 245 | 1 | 0 |
_aHaciendo posible lo imposible : _bla izquierda en el umbral del siglo XXI / _cMarta Harnecker. |
| 246 | 3 | 0 | _aIzquierda en el umbral del siglo XXI |
| 260 |
_aLa Habana : _bCiencias Sociales, _c1999. |
||
| 300 |
_a392 p. ; _c21 cm. |
||
| 504 | _aBibliografía: (p. [375], 392). | ||
| 610 | 1 | 0 |
_aPARTIDOS SOCIALISTAS _xHISTORIA _xIDEOLOGÍA _ySIGLO XX _931700 |
| 650 | 4 |
_aComunismo _zAmérica Latina _xHistoria _ySIGLO XX _931701 |
|
| 910 | _aCatalogación derivada | ||
| 049 | _aBNGR | ||
| 999 |
_c13616 _d13616 |
||